Countries In Filipino - Statistics

General Stats
  • This quiz has been taken 33 times
  • The average score is 3 of 7
Answer Stats
Picture Answer % Correct
Australia
70%
India
63%
pilipinas
63%
Jamaica
53%
Botswana
37%
Timog Africa
13%
Bagong Zealand
10%
No matching quizzes found
Score Distribution
Percent of People with Each Score
Percentile by Number Answered
Your Score History
You have not taken this quiz